Statistiques concernant Europe de la Renaissance

Cliquez ici pour prendre le quiz!

Statistiques générales

  • Ce quiz a été pris 9 fois
    (2 depuis la dernière actualisation)
  • Le résultat moyen est 2 sur 50

Statistiques - réponses

HintRéponse% Correct
1598Edit de Nantes
100%
1515Bataille de Marignan
50%
1548-1563Concile de Trente
50%
14921er voyage de Christophe Colomb
0%
1534Acte de Suprématie
0%
1534Affaire des Placards
0%
1589Assassinat d'Henri III
0%
1487Bartolomé Diaz dépasse le Cap de Bonne Espérance
0%
1509Bataille d'Agnadel
0%
1453Bataille de Castillon
0%
1547Bataille de Mulhberg
0%
1525Bataille de Pavie
0%
1487Campagne en Bretagne
0%
1453Chute de l'Empire Byzantin
0%
1593Conversion d'Henri IV au catholiscisme
0%
1506Création de la Basilique Saint-Pierre
0%
1635Création de l'Académie Française
0%
1562Début des guerres de religion
0%
1551Edit de Châteaubriant
0%
1570Edit de l'Edit de Saint-Germain
0%
1519-1520Election impériale
0%
1532Francisco Pizzaro fait la conquête de l'empire inca au Pérou
0%
1337-1453Guerre de Cent Ans
0%
1494-1559Guerres d'Italie
0%
1519Hernan Cortès conquiert l'empire aztèque
0%
1455Impression du premier ouvrage de la Bible
0%
1536Jean Calvin publie L'institution de la religion chrétienne
0%
1520Léon X condamne 41 des 95 propositions de Luther
0%
1560Le parlement écossais adopte le calvinisme
0%
1517Les 95 thèses de Luther
0%
1512Les armées espagnoles pille Ravenne
0%
1512Les armées françaises pille Prato
0%
1531Ligue de Smalkade
0%
1562Massace de Vassy
0%
1555Paix d'Ausbourg
0%
1502Premier africain en Amérique
0%
1453Première impression
0%
1470Première imprimerie à Paris
0%
1520-1522Révoles des villes de Castille
0%
1536Révolte de la noblesse du Yorkshire
0%
1527Sac de Rome
0%
1477Siège de Nacy
0%
1529Siège de Vienne
0%
1578Tour du monde de Francis Drake
0%
1526Traité de Madrid
0%
1529Traité de Saragosse
0%
1494Traité de Tordesillas
0%
1559Traité du Cato-Cambrésis
0%
1579Union d'Utrecht
0%
1498Vasco de Gama découvre la péninsule indienne
0%

Distribution des résultats

Percentile par nombre de réponses

% des personnes avec chaque résultat

Votre développement - résultats

Vous n’avez pas pris ce quiz depuis la dernière actualisation